000 01125nam a22003137a 4500
003 CHAP
005 20220329143724.0
008 110411s1977 mx a r 00010 spa d
010 _a100913
011 _a101885
035 _a112573
040 _cCHAP
082 0 4 _a547
_bAg93
100 1 _aAguilar Villalon, Gloria.
_92873
245 1 0 _aPrácticas de química orgánica sistematizadas
_c/por Gloria Aguilar Villalón y Luis Romero Rodriguez
260 _aMorelia, Mich. :
_bUniversidad Michoacana de San Nicolás de Hidalgo,
_c1977
300 _a99 p. :
_bilus.
590 _aBATCH-UPD
_b10
_c20130110
_lUCH01
_h1710
590 _aBATCH-UPD
_b10
_c20130410
_lUCH01
_h1056
590 _aBATCH-UPD
_b10
_c20130914
_lUCH01
_h1951
590 _aCONVERSION
_b10
_c20130109
_lUCH01
_h1356
650 1 4 _aQuímica orgánica.
_993598
650 1 4 _aQuímica orgánica
_xExperimentos.
_993600
650 1 4 _aQuímica orgánica
_xManuales de laboratorio.
_993601
700 1 _aRomero Rodriguez, Luis
_999656
901 _aBK
942 _cLIBRO
949 _a547 Ag93
_bBC
_cLIBRO
_d33724002258561
_eLIBRO
_gDonaciØn
_h114650
_i112573
_sb
_t$8.00
999 _c100913
_d100913